000 00977nam a22002417a 4500
999 _c10125
_d10125
003 AR-CdUCM
008 190329b ||||| |||| 00| 0 spa d
040 _aMUNICIPALIDAD PROVINCIAL DEL CUSCO
_cBIBLIOTECA MUNICIPAL DEL CUSCO
082 _a869.56 /
_bP44A / 1961
100 _aPérez Contreras, Algemiro
_910276
245 _aAntología /
_cAlgemiro Pérez Contreras
260 _aLima :
_bTaller de artes gráficas Ícaro,
_c1961
300 _a[s.p] ;
_c14 cm.
440 _aForma y poesía
_n : 7
_926795
500 _aDonación de la familia Nieto. Publicación artesanal. Impreso a mano en papel piedra liza de 140 gramos con caracteres post-medieval. Dibujo de Jesús Ruíz Durán
650 _aPoesía peruana - Siglo XX
_914083
650 _aPoetas peruanos
_91611
650 _aPoesía contemporánea peruana
_915003
650 _aPublicaciones artesanales
_926782
700 _aRuíz Durán, Jesús (Dibujo)
_926796
942 _2ddc
_cLIBROS
945 _alccs